00328nam a22001097a 4500020000800000040001600008082001300024100002600037245008400063260003900147300003200186 qPB. cFIZZA ISHAQ a420bDOH a Doherty , Brendan J. aClash of Ideals: Cases in American Political Development /cBrendan J. Doherty. aNew York:bLanahan Pub Inc,c2010. a151 P. ;c8.4 x 5.6 inches,